| 000 | 00736nam a2200217Ii 4500 | ||
|---|---|---|---|
| 003 | JO-AjNU | ||
| 008 | 230605s9999||||xx |||||||||||||| ||und|| | ||
| 017 | _a1995/4774 | ||
| 020 | _a977-01-4764-8 | ||
| 040 |
_aJO-AjNU _bara _erda _cJO-AjNU |
||
| 041 | _aara | ||
| 050 | 1 | 4 | _aLC405 1996 |
| 100 | 3 |
_aجيرهارت،بيل مؤلف/سلامة،أحمد م.مشارك, _eauthor _914135 |
|
| 245 | 0 | 0 | _aتعليم المعوقين |
| 264 | 3 | 1 | _aالقاهرة:الهيئة المصرية العامة للكتاب،1996 |
| 300 | _a394ص | ||
| 336 |
_atext _btxt _2rdacontent |
||
| 337 |
_aunmediated _bn _2rdamedia |
||
| 338 |
_avolume _bnc _2rdacarrier |
||
| 650 | 4 |
_aالمعوقون-تعليم- الأطفال المعوقون _914136 |
|
| 999 |
_aA3698 _c7266 _d7266 |
||